• 首页
  • 本馆介绍
  • 公告通知
  • 最新文献
  • 馆藏检索
  • 电子资源
  • 读者导购
  • 参考咨询
  • 我的图书馆
  • 登录
  • 详细信息显示
  • 放入我的书架
  • 预约/预借图书
  • 作者相关作品
  • 分类相关作品
  • 丛书相关作品
  • 出版社相关作品

书目信息

  • 表格格式
  • 工作单格式
  • 卡片格式
题名:
日本文化探究
    
 
作者: 吴松芝 , 刘君梅 , 董江洪 编著
分册:  
出版信息: 北京   中国文史出版社  2014
页数: 216页
开本: 24cm
丛书名:
单 册:
中图分类: K313.03
科图分类:
主题词: 文化史--研究--日本
电子资源:
ISBN: 978-7-5034-4398-5
000 01135nam0 2200265 450
001 338311
005 20150601150639.53
010    @a978-7-5034-4398-5@dCNY42.00
100    @a20140509d2014 em y0chiy50 ea
101 0  @achi
102    @aCN@b110000
105    @ay z 000yy
106    @ar
200 1  @a日本文化探究@Ari ben wen hua tan jiu@d= A study on Japanese culture@f吴松芝, 刘君梅, 董江洪编著@zeng
210    @a北京@c中国文史出版社@d2014
215    @a216页@d24cm
330    @a本书分八章对日本文化中具有代表性、也是大家比较感兴趣的日本文化进行了探究, 即从中日文化交流、日本的宗教、教育、文学、传统文化、饮食文化、风俗习惯和文化遗产等八个方面, 向读者展示了这些独具特色的日本诸文化的来龙去脉, 并对深藏在日本民族背后的文化底蕴进行了深入的挖掘, 旨在使读者能够对日本文化有一个深层次的了解。
510 1  @aStudy on Japanese culture@zeng
606 0  @a文化史@x研究@y日本
690    @aK313.03@v5
701  0 @a吴松芝@Awu song zhi@c(女, @f1969)@4编著
701  0 @a刘君梅@Aliu jun mei@c(女, @f1966)@4编著
701  0 @a董江洪@Adong jiang hong@c(女, @f1969)@4编著
801  0 @aCN@b卓展宏图@c20150525
905    @dK313.03@e11@f4
    
    日本文化探究= A study on Japanese culture/吴松芝, 刘君梅, 董江洪编著.-北京:中国文史出版社,2014
    216页;24cm
    
    
    ISBN 978-7-5034-4398-5:CNY42.00
    本书分八章对日本文化中具有代表性、也是大家比较感兴趣的日本文化进行了探究, 即从中日文化交流、日本的宗教、教育、文学、传统文化、饮食文化、风俗习惯和文化遗产等八个方面, 向读者展示了这些独具特色的日本诸文化的来龙去脉, 并对深藏在日本民族背后的文化底蕴进行了深入的挖掘, 旨在使读者能够对日本文化有一个深层次的了解。
●
相关链接 在E读中查询图书 在五车中查询图书 在当当中查询图书 在豆瓣中查询图书


正题名:日本文化探究     索取号:K313.03/11         预约/预借

序号 登录号 条形码 馆藏地/架位号 状态 备注
1 861675   208616755   第二样本阅览室/ [索取号:K313.03/11] 在馆    
2 861676   208616764   第二借阅区/ [索取号:K313.03/11] 在馆    
3 861677   208616773   第二借阅区/ [索取号:K313.03/11] 在馆    
4 861678   208616782   密集书库-史法系/ [索取号:K313.03/11] 在馆    
唐山师范学院图书馆 欢迎您!
大连网信软件有限公司© 版权所有